|
|
|
|
| LEADER |
00830cam a2200229 7i4500 |
| 001 |
0000003490 |
| 005 |
20170218090000.0 |
| 020 |
|
|
|a 0198776268 (pbk.)
|
| 020 |
|
|
|a 9780198776260
|
| 050 |
0 |
0 |
|a HC59.72.P6 POV 2000
|
| 090 |
0 |
0 |
|a HC59.72.P6
|b P68 2000
|
| 245 |
0 |
0 |
|a Poverty and development into the 21st century
|c edited by Tim Allen and Alan Thomas.
|
| 260 |
|
|
|a Oxford:
|b Open University in association with Oxford University Press,
|c 2000.
|
| 300 |
|
|
|a xi, 572 p.:
|b ill.;
|c 25 cm.
|
| 650 |
0 |
0 |
|a Developing countries --
|x Economic conditions
|
| 650 |
0 |
0 |
|a Dependency
|
| 650 |
0 |
0 |
|a Poverty --
|z Developing countries
|
| 650 |
0 |
0 |
|a Colonies --
|x Economic conditions
|
| 700 |
1 |
|
|a Thomas, Alan
|
| 700 |
1 |
|
|a Allen, Tim
|
| 997 |
|
|
|a Business & Accountancy, Faculty
|
| 999 |
|
|
|a 0000007552
|b BOK
|c OPEN SHELF
|e 1st Floor, Bestari Jaya
|